000 00568pab a2200181 454500
008 180718b2015 xxu||||| |||| 00| 0 eng d
100 _aShalina, Mehta
245 _aLoss of ownership of land and social displacement: a case study from eco-city, new Chandigarh
260 _c2015
300 _ap.111-129.
362 _aOct
650 _aAgricultural land - India - Chandigarh
650 _aLand tenure - India - Chandigarh
650 _aAgricultural land
700 _aSingh, Sarbeet
773 _aInternational Journal of Rural Management
909 _a110279
999 _c110274
_d110274